Giáo dục học đại cương
Bewaard in:
| Formaat: | Boek |
|---|---|
| Gepubliceerd in: |
1996
|
| Tags: |
Voeg label toe
Geen labels, Wees de eerste die dit record labelt!
|
| Thư viện lưu trữ: | Mạng thư viện Đại học Đà Nẵng |
|---|
| LEADER | 00451nam a22001811a 4500 | ||
|---|---|---|---|
| 001 | 000038984 | ||
| 003 | 15279 | ||
| 005 | 20160412021903.0 | ||
| 008 | 160412s1996 000 | ||
| 082 | |a 4V(TK)414-18 | ||
| 245 | |a Giáo dục học đại cương |c Phạm Viết Vương | ||
| 260 | |c 1996 | ||
| OWN | |a LNN | ||
| 999 | |a From the UDN01 | ||
| TYP | |a Monograph | ||
| 980 | |a Mạng thư viện Đại học Đà Nẵng | ||